Le Bénin pour les touristes... - Facile - Statistiques

Statistiques générales
  • Ce quiz a été pris 21 fois
  • Le résultat moyen est 11 sur 20
Statistiques - réponses
Question Indice Réponses Indice facile % Correct
Quelles sont les langues officielles ? Français
100%
Ce pays est plus grand que la France (oui/non) Non
94%
Quelle est la monnaie ? Franc CFA F
89%
Dans la capitale quel est le décalage horaire avec Paris ? (+ ou - et chiffre) ex - 10 - 1
83%
Quel pays a accordé son indépendance à celui-ci ? France
83%
La religion majoritaire est Christianisme C
72%
Le principal aéroport est C Cotonou
72%
Quels est le climat local ? T Tropical
72%
Quelles sont les principaux lieux touristiques ? O {Ouidah} DOUAIH
67%
Achats à faire 5/ Instrument de musique Tam tam MATATM
67%
Quel est le régime du pays ? République
61%
Quelles sont les principaux lieux touristiques ? A Abomey ABYMEO
56%
Quelles sont les principaux lieux touristiques ? S Natitingou et le pays {Somba} BASOM
50%
Le suffixe internet est bj
28%
Achats à faire 1/ Courges Calebasses BACLASSESE
17%
Achats à faire 3/ Figurine de Laiton TALION
17%
Achats à faire 2/ Tissus appliqués PEUPLAISQ
11%
Code sur les plaques minéralogiques DY
11%
Quelles sont les langues officielles ? Boko B
6%
Achats à faire 4/ Poterie de l' Atacora TRACAAO
0%
Aucun quiz correspondant
Distribution des résultats
% des personnes avec chaque résultat
Percentile par nombre de réponses
Votre historique - résultats
Vous n’avez pas pris ce quiz